[Event "Santo Domingo op U2100"]
[Site "Santo Domingo"]
[Date "2015.02.07"]
[Round "2"]
[White "Morillo Romero, Francisco"]
[Black "Del Rosario Moreno, Carlos"]
[Result "1-0"]
[WhiteElo "1958"]
[BlackElo "2057"]
[PlyCount "89"]
[EventDate "2015.02.06"]
[EventType "swiss"]
[EventRounds "8"]
[EventCountry "DOM"]
[SourceTitle "CBM 164 Extra"]
[Source "ChessBase"]
[SourceDate "2015.03.02"]
[SourceVersion "1"]
[SourceVersionDate "2015.03.02"]
[SourceQuality "1"]

1. e4 c5 2. Nf3 Nc6 3. d4 cxd4 4. Nxd4 e6 5. Nxc6 bxc6 6. Nc3 d5 7. exd5 cxd5 8. Bb5+ Bd7 9. Qe2 Nf6 10. Bg5 Be7 11. Rd1 0-0 12. Bxd7 Qxd7 13. 0-0 Qb7 14. b3 Rfc8 15. Na4 Qc7 16. c3 h6 17. Bh4 Rd8 18. Rfe1 Rac8 19. Rd3 Qf4 20. Rd4 Qf5 21. h3 g5 22. Bg3 Ne4 23. Rd3 Nxg3 24. Rxg3 d4 25. cxd4 Rc2 26. Qe3 Bd6 27. Rf3 Bf4 28. Qd3 Qxd3 29. Rxd3 Rxa2 30. g3 Bd6 31. Rc1 Rd7 32. Nc3 Rb2 33. Ne4 Be7 34. Rc6 Kg7 35. g4 Rb7 36. d5 exd5 37. Rxd5 R2xb3 38. Ng3 Bf8 39. Nh5+ Kh8 40. Rd8 Rb8 41. Rd7 Rb1+ 42. Kg2 f5 43. Rcc7 R1b6 44. f3 fxg4 45. fxg4 1-0